Culture Générale - Série 469 - Statistiques

Statistiques générales
  • Ce quiz a été pris 175 fois
  • Le résultat moyen est 5 sur 10
Statistiques - réponses
Question Réponse % Correct
Que signifie en français le mot anglais "spice" ? épice
75%
En patinage artistique, quel saut consiste à faire un tour et demi sur soi‐même ? axel
72%
Quel comique a dit : "La bonne longueur pour les jambes, c'est quand les pieds touchent bien par terre" ? Coluche
67%
D'après les paroles d'une chanson de Carlos, de quelle couleur sont nos pieds quand on est amoureux ? bleus
59%
Comment appelle‐t‐on un pied dont le gros orteil est le plus long doigt ? pied égyptien
53%
Avec les tripes et les pieds de quel animal confectionne‐t‐on traditionnellement les pieds‐paquets ? mouton
49%
Dans le film "Le Mépris", quelle actrice demande à Michel Piccoli s'il trouve qu'elle a de jolis pieds ? Brigitte Bardot
47%
Quel chanteur français interprète "Le Patineur", en 1972 ? Julien Clerc
27%
Quel champion du monde de patinage a été ministre sous le gouvernement Fabius ? Alain Calmat
14%
Comment appelle‐t‐on le tranchant de la lame d'un patin ? La carre
9%
Aucun quiz correspondant
Distribution des résultats
% des personnes avec chaque résultat
Percentile par nombre de réponses
Votre historique - résultats
Vous n’avez pas pris ce quiz